Max Weber : Werk und Person

Αποθηκεύτηκε σε:
Λεπτομέρειες βιβλιογραφικής εγγραφής
Κύριος συγγραφέας: Weber, Max, 1864-1920
Άλλοι συγγραφείς: Baumgarten, Eduard, 1898-1982 (Επιμελητής έκδοσης)
Μορφή: Βιβλίο
Γλώσσα:German
Δημοσίευση: Tubingen : J.C.B. (Paul Siebeck), 1964
Θέματα:
Ετικέτες: Προσθήκη ετικέτας
Δεν υπάρχουν, Καταχωρήστε ετικέτα πρώτοι!

MARC

LEADER 00000cam a2200000 i 4500
001 1/30220
008 060525s1964 ger d
035 |l 10084093 
040 |a GR-MY-UA  |b gre  |e aacr 
041 0 |a ger 
082 0 |a 301.01  |2 (22) 
100 1 |a Weber, Max,   |d 1864-1920. 
245 1 0 |a Max Weber :  |b Werk und Person /  |c Max Weber ; Dokumente ausgewahlt und kommentiert von Eduard Baumgarten 
260 |a Tubingen :   |b J.C.B. (Paul Siebeck),   |c 1964 
300 |a xvi, 720 σ.;  |b εικ.;  |c 24 εκ. 
500 |a "Mit Zeittafel und 20 Bildtafeln" 
600 1 0 |a Weber, Max,   |d 1864-1920. 
650 0 0 |a Social sciences. 
700 1 |a Baumgarten, Eduard,   |d 1898-1982.  |4 edt 
852 |a INST  |b RHODES  |c KRI  |e 20060525  |h  301.01 WEB  |p 005400020712  |q 005400020712  |t BK  |y 0 
901 |a BIBL4-2006-2 
909 |a Ρ  |b 123715 
970 |a ΚΟΖΑ  |b ΜΑΡΙΑ  |z 2006/05/25